000
00280nam a2200097Ia 4500
008
220204s9999 xx 000 0 und d
082
_a
331(540):001.814
_b
SEC
245
0
_a
Second digest of Indian labour research ( 1962-67)
260
_a
India
_b
Ministry of Labour
_c
1974
942
_c
BK
999
_c
22587
_d
22587